| 000 | 01557nam a2200289 a 4500 | ||
|---|---|---|---|
| 999 |
_c355287 _d355287 |
||
| 003 | BLK | ||
| 005 | 20250123102518.0 | ||
| 008 | 200416b bu ||||| |||| 00| 0 bu d | ||
| 040 | _aBLK | ||
| 041 |
_aBUL _cBUL |
||
| 080 |
_aИкономически теории. Икономически учения и школи _b330.8 _z330.8 |
||
| 100 |
_aЗибер, Николай Иванович _eпърви автор _91299 |
||
| 139 |
_aЗибер, Николай Иванович _bЗ 59 |
||
| 245 |
_aДавид Рикардо и Карл Маркс в техните обществено-економически изследвания _bОпит за крит. екон. изследване : Гл. Х и ХI - Машините и едрата промишленост и Разбор на теорията за машинното производство _cНиколай Иванович Зибер ; Прев. от рус. Д. Каранешев, Е. Марковски |
||
| 260 |
_aРусе _c1896 _fскоропеч. Ст. Ив. Роглев |
||
| 300 |
_a112 с. _b25 см |
||
| 380 | _a3 | ||
| 600 | 0 |
_9365572 _aМаркс, Карл |
|
| 600 | 0 |
_9405259 _aРикардо, Давид |
|
| 650 | 0 |
_9252309 _aИкономически теории |
|
| 700 |
_91121 _aКаранешев, Димитър Г. _eпрев. от рус. |
||
| 700 |
_91121 _aМарковски, Еньо Жеков _eпрев. от рус. |
||
| 852 | _aК 33/З-59 | ||
| 942 |
_cKNG _n0 _s1 _01 |
||
| 944 |
_c2020-04-16 _k30558 _lВаля Йорданова |
||
| 999 | _d355287 | ||